000 02780nam a2200517 c 4500
003 BLK
005 20210709090955.0
008 180408b bul|||||r ||||||| ||bul||
010 _aKNG00076470000
020 _a978-954-516-671-6
_bиздат.: Летера
040 _aBLK
041 _aBUL
_cBUL
080 _aСоциография. Социално положение. Условия на политическия и социалния живот. Социално и социално-икономическо положение на отделните страни, народи, раси. Социална география. (Общи въпроси)
_b308
_x(4)(035)
_z308(4)(035)
080 _aЕвропейски съюз - политически аспекти
_b327.7:061.1ЕС
_x(035)
_z327.7:061.1ЕС(035)
080 _aЕвропейски съюз (икон. аспекти)
_b339.923:061.1ЕС
_x(035)
_z339.923:061.1ЕС(035)
100 1 _aРайзах, Улрике
_eпърви автор
_9114536
700 1 _aКьоте, Райнер
_eсъавт.
_986713
700 1 _aФорнари, Джулиано
_eил.
_9134671
700 1 _aШнайдер, Михаела
_eкартограф
_9295746
700 1 _aБуздрева, Ели Доник
_eпрев.
_943711
139 _aРайзах, Улрике и др.
_bР 27
245 1 0 _aЕвропа
_cУлрике Райзах; съавт. Райнер Кьоте; ил. Джулиано Форнари; картограф Михаела Шнайдер; прев. Ели Доник Буздрева.
257 _aDEU
260 Пловдив
_bЛетера
_c2007
300 _a49 с.
_bс цв. ил., к.
_c28 см
380 _aDN
490 1 _aПоредица Какво? Как? Къде?
500 _aДруги ил. : Франк Климт, Йоахим Кнапе и Райнер Цигер. - Без сведение за ориг. загл. - Офс. изд. - Съдържа и Речник на страните ; Азб. показалец ; Факти и рекорди в Европа ; Физическа карта на Европа.
650 4 _aЕвропа - енциклопедии
_9275053
650 4 _aЕвропейски съюз
_9258188
651 4 _aЕвропа
_9244407
653 _aЕвропа
653 _aгеография
653 _aклимат
653 _aрастения
653 _aживотни
653 _aистория
653 _aЕвропейски съюз
653 _aлитература за деца
653 _aдетска литература
852 _aЦб ІІ 14655
856 4 _qpdf
_u
856 4 _qpdf
_u
942 _cKNG
_n0
_02
944 _aCR
_c25.07.2007
_lф /
_kЛюдмила_Стоянова
944 _aED
_c09.01.2015
_lф /
_kЛюдмила_Стоянова
999 _c72097
_d72097